| Tag |
First Indicator |
Second Indicator |
Subfields |
| LEADER |
00000cam a2200000 a 4500 |
| 001 |
in00000075050 |
| 005 |
20151008060255.0 |
| 008 |
750801s1897 nyubfh 00100 engm |
| 010 |
|
|
|a 01001783
|
| 035 |
|
|
|a (OCoLC)01498418
|
| 035 |
|
|
|9 AAJ5448AM
|
| 040 |
|
|
|c DZM
|d m.c.
|d TXA
|d UtOrBLW
|
| 049 |
|
|
|a TXAM
|c [1195697]
|
| 050 |
0 |
0 |
|a E263.N6
|b N44
|
| 092 |
|
|
|a G 929.3747
|b N532n
|
| 245 |
0 |
0 |
|a New York in the revolution as colony and state /
|c These records were discovered, arranged and classified by James A. Roberts, comptroller, in 1897.
|
| 264 |
|
1 |
|a [Place of publication not identified] :
|b [publisher not identified],
|c 1897
|
| 264 |
|
3 |
|a Albany, N.Y. :
|b Weed-Parsons prnting Co.
|
| 300 |
|
|
|a xix, 261 pages, 29 unnumbered pages of plates :
|b facsimiles, folded map ;
|c 32 cm.
|
| 336 |
|
|
|a text
|b txt
|2 rdacontent
|
| 337 |
|
|
|a unmediated
|b n
|2 rdamedia
|
| 338 |
|
|
|a volume
|b nc
|2 rdacarrier
|
| 500 |
|
|
|a Includes indexes.
|
| 651 |
|
0 |
|a United States
|x History
|y Revolution, 1775-1783
|x Regimental histories
|z New York (State)
|
| 651 |
|
0 |
|a New York (State)
|x Militia.
|
| 651 |
|
0 |
|a United States
|x History
|y Revolution, 1775-1783
|v Registers.
|
| 700 |
1 |
|
|a Roberts, James A.
|q (James Arthur),
|d 1847-1922.
|
| 710 |
1 |
|
|a New York (State).
|b Comptroller's Office.
|
| 999 |
|
|
|a MARS
|
| 999 |
f |
f |
|s 7b46ff28-4a1f-3c4e-a136-f27cbc22c75d
|i 512e15f7-c23f-3731-9a58-476723578e66
|t 0
|
| 952 |
f |
f |
|p normal
|a Texas A&M University
|b College Station
|c Sterling C. Evans Library
|d Evans: Library Stacks
|t 0
|e E263.N6 N44
|h Library of Congress classification
|i unmediated -- volume
|m A14806106534
|
| 998 |
f |
f |
|a E263.N6 N44
|t 0
|l Evans: Library Stacks
|